Stadiums of Wales - Statistics

General Stats
  • This quiz has been taken 9 times
  • The average score is 11 of 23
Answer Stats
Team League Answer % Correct
Cardiff City EFL Championship Cardiff City Stadium
100%
Swansea City EFL Championship Swansea.com Stadium
100%
Ospreys URC Swansea.com Stadium
100%
Cardiff Blues URC Cardiff Arms Park
88%
Cardiff RFC Welsh Premiership Cardiff Arms Park
88%
Newport RFC Welsh Premiership Rodney Parade
75%
Scarlets URC Parc y Scarlets
75%
Llanelli RFC Welsh Premiership Parc y Scarlets
75%
Dragons URC Rodney Parade
75%
Neath RFC Welsh Premiership The Gnoll
63%
Glamorgan CCC County Cricket Sophia Gardens
50%
Bridgend Ravens Welsh Premiership Brewery Field
38%
Pontypridd RFC Welsh Premiership Sardis Road
38%
Ebbw Vale RFC Welsh Premiership Eugene Cross Park
25%
Bargoed RFC Welsh Premiership Bargoed Park
13%
Carmarthen Quins Welsh Premiership Carmarthen Park
13%
Llandovery RFC Welsh Premiership Church Bank Playing Fields
13%
RGC 1404 Welsh Premiership Eirias Stadium
13%
Cross Keys RFC Welsh Premiership Pandy Park
13%
Swansea RFC Welsh Premiership St. Helens Rugby & Cricket Ground
13%
Aberavon RFC Welsh Premiership Talbot Athletic Ground
13%
Bedwas RFC Welsh Premiership The Bridge Field
13%
Merthyr RFC Welsh Premiership The Wern
13%
No matching quizzes found
Score Distribution
Percent of People with Each Score
Percentile by Number Answered
Your Score History
You have not taken this quiz